| 000 | 00887cab a2200265 4500 | ||
|---|---|---|---|
| 001 | ABS59948 | ||
| 008 | 090401t1999 xxu||||| |||| 00| 0 eng d | ||
| 035 | _a(Sirsi) u90986 | ||
| 041 | _aeng | ||
| 100 | _aMylius, A. | ||
| 245 | _aBrown paradise | ||
| 260 | _c1999 | ||
| 350 | _a0 | ||
| 490 |
_aNew Civil Engineer _v28 January 1999, 20-22(2) |
||
| 520 | _aConsiders the suggestion that developing brownfield sites for housing may be more damaging to the environment than using greenfield sites, since brownfield sites have become increasingly important as a habitat for marginalised plant and animal species. | ||
| 650 | _aBIODIVERSITY | ||
| 650 | _aBROWNFIELD SITES | ||
| 650 | _aGREENFIELD SITES | ||
| 650 | _aURBAN SPACES | ||
| 650 | _aWILDLIFE HABITATS | ||
| 650 | _aWILDLIFE | ||
| 690 | _aENVIRONMENTAL AND LAND CONSULTANCY | ||
| 942 | _n0 | ||
| 948 | _c29/01/1999 | ||
| 999 |
_c57727 _d57727 |
||